书目信息 |
| 题名: |
太阳能光伏发电技术项目教程
|
|
| 作者: | 王卫卫 , 孙宏伟 主编 | |
| 分册: | ||
| 出版信息: | 北京 机械工业出版社 2016 |
|
| 页数: | 214页 | |
| 开本: | 26cm | |
| 丛书名: | 高职高专新能源类专业规划教材 | |
| 单 册: | ||
| 中图分类: | TM615 | |
| 科图分类: | ||
| 主题词: | 太阳能发电--Tai Yang Neng Fa Dian--高等专业学校--教材 | |
| 电子资源: | ||
| ISBN: | 978-7-111-52279-9 | |
| 000 | 01288nam 2200289 450 | |
| 001 | 1673597317 | |
| 005 | 20151201092329.0 | |
| 010 | @a978-7-111-52279-9@dCNY32.00 | |
| 100 | @a20151201d2016 em y0chiy0120 ea | |
| 101 | 0 | @achi |
| 102 | @aCN@b110000 | |
| 105 | @aak a 000yy | |
| 106 | @ar | |
| 200 | 1 | @a太阳能光伏发电技术项目教程@ATai Yang Neng Guang Fu Fa Dian Ji Shu Xiang Mu Jiao Cheng@f主编王卫卫, 孙宏伟 |
| 210 | @a北京@c机械工业出版社@d2016 | |
| 215 | @a214页@d26cm | |
| 225 | 2 | @a高职高专新能源类专业规划教材@AGao Zhi Gao Zhuan Xin Neng Yuan Lei Zhuan Ye Gui Hua Jiao Cai |
| 320 | @a有书目 (第214页) | |
| 330 | @a全书分为三个项目,十个任务。按照太阳能光伏发电技术的基础部件设计、总体设计与维护、应用工程设计的顺序作了具体介绍。书中每个项目中每个任务都有任务目标和任务实施,每个任务完结后有学生要思考的问题,以便学生在学习及现场实习过程中对所学的知识理解和巩固。 | |
| 333 | @a可供高职高专新能源类专业、电力工程类专业学生使用,也可作为光伏行业的工程技术人员的参考书或培训教材。 | |
| 410 | 0 | @12001 @a高职高专新能源类专业规划教材 |
| 606 | 0 | @a太阳能发电@ATai Yang Neng Fa Dian@x高等专业学校@j教材 |
| 690 | @aTM615@v5 | |
| 701 | 0 | @a王卫卫@AWang Wei Wei@4主编 |
| 701 | 0 | @a孙宏伟@ASun Hong Wei@4主编 |
| 801 | 0 | @aCN@b江苏新华@c20150511 |
| 905 | @aBZT@dTM615@e3 | |
| 太阳能光伏发电技术项目教程/主编王卫卫, 孙宏伟.-北京:机械工业出版社,2016 |
| 214页;26cm.-(高职高专新能源类专业规划教材) |
| 使用对象:可供高职高专新能源类专业、电力工程类专业学生使用,也可作为光伏行业的工程技术人员的参考书或培训教材。 |
| ISBN 978-7-111-52279-9:CNY32.00 |
| 全书分为三个项目,十个任务。按照太阳能光伏发电技术的基础部件设计、总体设计与维护、应用工程设计的顺序作了具体介绍。书中每个项目中每个任务都有任务目标和任务实施,每个任务完结后有学生要思考的问题,以便学生在学习及现场实习过程中对所学的知识理解和巩固。 |
| ● |
| 相关链接 |
|
|
|
正题名:太阳能光伏发电技术项目教程
索取号:TM615/3
 
预约/预借
| 序号 | 登录号 | 条形码 | 馆藏地/架位号 | 状态 | 备注 |
| 1 | 800429 | 2000800429 | 第二书库/ [索取号:TM615/3] | 在馆 | |
| 2 | 800430 | 2000800430 | 第二书库/ [索取号:TM615/3] | 在馆 | |
| 3 | 800431 | 2000800431 | 第二书库/ [索取号:TM615/3] | 在馆 |